000 00774nam a2200265 i 4500
001 C2-0334637
003 PPAK
005 20180728134414.0
008 151111s2015 my a|||| ||||| | may d
020 _a9789674491260
040 _aPPAK
_beng
_cPPAK
_erda
082 0 4 _a641.54
_223
090 0 0 _a641.54
_bNAN
_dG
090 0 0 _a641.54
_bNAN
_dR
100 0 _aNan Rahaman,
_cChef
_d1982-
_eauthor
245 1 0 _aMudahnya masak... hidangan malam
264 1 _aKuala Lumpur :
_bAna Muslim ,
_c2015
300 _aiii, 76 pages :
_bcolour photographs ;
_c26 cm
336 _2rdacontent
_atext
337 _2rdamedia
_aunmediated
338 _2rdacarrier
_avolume
650 1 0 _aCooking, Malaysian. ; Dinners and dining. ; Cookbooks.
700 _eauthor
942 _ddc
_cB
999 _c133094
_d133094